[Event "Camp. bosniaco 2007"]
[Site "Sarajevo BOS"]
[Date "2007.12.21"]
[Round "4"]
[White "Predojevic, Borki"]
[Black "Runic, Zoran"]
[Result "1/2-1/2"]
[WhiteElo "2645"]
[BlackElo "2417"]
[PlyCount "150"]
[EventDate "2007.12.18"]
[Source "www.chesslib.no"]
[SourceDate "2004.05.04"]

1. e4 e5 2. Nf3 d5 3. exd5 Qxd5 4. Nc3 Qe6 5. Be2 Nc6 6. O-O Bc5 7. Bb5 Nge7 8. d4 Bxd4 9. Nxd4 exd4 10. Qxd4 O-O 11. Qf4 Qg6 12. Qxc7 Bh3 13. Qg3 Bf5 14. Qxg6 Bxg6 15. Be3 Bxc2 16. Rac1 Bf5 17. Rfd1 Rfd8 18. Be2 Be6 19. Bf3 Rxd1+ 20. Rxd1 b6 21. b3 h6 22. h3 Rc8 23. Nb5 a6 24. Nd6 Rb8 25. Rd2 Nb4 26. Nc4 Nbd5 27. Bd4 b5 28. Na5 Rc8 29. Nb7 Rc1+ 30. Kh2 b4 31. Nc5 a5 32. Nb7 Nc3 33. Nxa5 Nf5 34. Bb6 Nh4 35. Bb7 Ra1 36. Rd4 Nf5 37. Rxb4 Rxa2 38. Nc4 Nd1 39. Be4 Nxf2 40. Bxf2 Rxf2 41. Ne3 g6 42. Nxf5 gxf5 43. Bf3 Rb2 44. Rb8+ Kg7 45. b4 Kf6 46. b5 Bc4 47. b6 Bd3 48. Kg3 Be4 49. b7 Bxf3 50. gxf3 Kg7 51. Kf4 Rb5 52. Ke3 Rb4 53. Kd3 Rb1 54. Kd4 Rb5 55. h4 Rb1 56. Kc4 Rb6 57. Kc5 Rb1 58. Kd6 Rb2 59. Ke7 Re2+ 60. Kd7 Rd2+ 61. Kc6 Rc2+ 62. Kd6 Rb2 63. Ke5 Rb5+ 64. Kf4 Kh7 65. Ke3 Rb4 66. Kd3 Kg7 67. Kc3 Rb1 68. Kc4 Rb2 69. Kc5 Rb1 70. Kd6 Rb2 71. h5 Rb1 72. f4 Rb2 73. Ke5 Rb5+ 74. Kd6 Rb2 75. Ke5 Rb5+ 1/2-1/2

[Event "300 Years"]
[Site "St Petersburg"]
[Date "2003.10.25"]
[Round "8"]
[White "Kovchan, Alexander"]
[Black "Skatchkov, Pavel"]
[Result "1-0"]
[WhiteElo "2561"]
[BlackElo "2495"]
[PlyCount "85"]
[EventDate "2003.10.18"]
[Source "Roberto Alvarez"]
[SourceDate "2003.10.27"]

1. e4 e5 2. Nf3 d5 3. exd5 e4 4. Qe2 Nf6 5. d3 Qxd5 6. dxe4 Qxe4 7. Nc3 Bb4 8. Bd2 Qxe2+ 9. Bxe2 O-O 10. a3 Bxc3 11. Bxc3 Nd5 12. Be5 Nc6 13. O-O-O Nxe5 14. Nxe5 Be6 15. Bf3 c6 16. Nd3 b6 17. Ne5 Rac8 18. Nxc6 Rxc6 19. Bxd5 Bxd5 20. Rxd5 Re8 21. Rhd1 g6 22. Rd8 Kf8 23. Rxe8+ Kxe8 24. c3 a5 25. Rd4 Ke7 26. Kd2 Rc5 27. c4 Rg5 28. g3 Rh5 29. h4 Rf5 30. Ke3 Rc5 31. Kd3 Ke6 32. b3 h5 33. Rd8 Rf5 34. f4 Rc5 35. Kd4 Rc6 36. Rd5 Ke7 37. c5 b5 38. Re5+ Kd7 39. Kd5 Rf6 40. c6+ Kc7 41. Re7+ Kb6 42. Rb7+ Ka6 43. Rb8 1-0

[Event "Peristeri"]
[Site "Peristeri"]
[Date "1993.??.??"]
[Round "10"]
[White "Kotronias, Vasilios"]
[Black "Pandavos, Panayotis"]
[Result "1-0"]
[WhiteElo "2590"]
[BlackElo "2360"]
[PlyCount "30"]
[EventDate "1993.??.??"]
[Source "ChessBase"]

1. e4 e5 2. Nf3 d5 3. exd5 e4 4. Qe2 Nf6 5. d3 Be7 6. dxe4 O-O 7. Nc3 Re8 8. Bd2 b5 9. Qxb5 Na6 10. Nd4 Nxe4 11. Nxe4 Bf6 12. Ne6 fxe6 13. Nxf6+ gxf6 14. O-O-O exd5 15. Bc3 c5 1-0

[Event "Memorial A.Kotov"]
[Site "Tula (Russia)"]
[Date "2008.01.04"]
[Round "3"]
[White "Aveskulov Valeriy (UKR)"]
[Black "Kalinichev Andrey (EST)"]
[Result "1-0"]
[WhiteElo "2532"]
[BlackElo "2403"]
[PlyCount "97"]
[EventDate "2008.??.??"]
[Source "www.chesslib.no"]
[SourceDate "2004.05.04"]

1. e4 e5 2. Nf3 d5 3. exd5 e4 4. Qe2 Nf6 5. d3 Qxd5 6. Nbd2 Nc6 7. dxe4 Qh5 8. Qb5 Bc5 9. Nb3 Nxe4 10. Be3 Bb4+ 11. c3 Qxb5 12. Bxb5 Bd6 13. Na5 a6 14. Bxc6+ bxc6 15. Nxc6 Bd7 16. Na5 Rb8 17. Nc4 Be7 18. O-O-O Be6 19. Na5 Bxa2 20. Nc6 Ra8 21. Rhe1 Bd6 22. Nfd4 O-O 23. b3 a5 24. Kb2 a4 25. f3 Nxc3 26. Kxc3 axb3 27. Nf5 Ba3 28. Bc1 Bc5 29. Re5 Bb6 30. Kb2 h6 31. Be3 Bxe3 32. Rxe3 Ra4 33. Rd4 Ra6 34. Rd7 Rfa8 35. Rxc7 Ra4 36. Re4 Rxe4 37. fxe4 Ra4 38. Nd6 f5 39. Ne7+ Kh8 40. Nexf5 g6 41. Nf7+ Kg8 42. N7xh6+ Kh8 43. Nh4 Ra6 44. e5 g5 45. Nf7+ Kg8 46. Nxg5 Ra5 47. Nf5 Ra8 48. Rg7+ Kf8 49. Ne6+ 1-0

[Event "It"]
[Site "Nordwalde"]
[Date "1988.??.??"]
[Round "1"]
[White "Spassky, Boris Vasily"]
[Black "Buecker, Stefan"]
[Result "0-1"]
[WhiteElo "2560"]
[BlackElo "2335"]
[PlyCount "78"]
[EventDate "1988.??.??"]
[Source "www.chesslib.no"]
[SourceDate "2004.05.04"]

1. e4 e5 2. Nf3 d5 3. exd5 e4 4. Qe2 Nf6 5. Nc3 Be7 6. Nxe4 Nxd5 7. d3 O-O 8. Qd1 f5 9. Ng3 c5 10. Be2 Nc6 11. O-O g5 12. Re1 f4 13. Ne4 Bf5 14. h3 Rc8 15. c3 Rc7 16. Qb3 Rd7 17. Bd2 Kg7 18. Rad1 h5 19. c4 Ndb4 20. a3 g4 21. axb4 gxf3 22. Bxf3 cxb4 23. Bxf4 Bxh3 24. Be3 Rxf3 25. gxf3 Ne5 26. Kh2 Bf5 27. Kg2 Qf8 28. f4 Nxd3 29. Ng3 Nxe1+ 30. Rxe1 h4 31. Nxf5+ Qxf5 32. Bd4+ Kh7 33. Qe3 Bd6 34. Be5 Bxe5 35. fxe5 Rg7+ 36. Kh2 Rg6 37. Qe4 Qxf2+ 38. Kh1 Qg3 39. Qxb7+ Kh6 0-1

[Event "Bor"]
[Site "Bor"]
[Date "1983.??.??"]
[Round "11"]
[White "Abramovic, Bosko"]
[Black "Skembris, Spyridon"]
[Result "1-0"]
[WhiteElo "2480"]
[BlackElo "2415"]
[PlyCount "91"]
[EventDate "1983.10.??"]
[Source "ChessBase"]

1. e4 e5 2. Nf3 d5 3. Nxe5 dxe4 4. d4 exd3 5. Bxd3 Nd7 6. Nxd7 Bxd7 7. O-O Nf6 8. Re1+ Be7 9. Qf3 c6 10. Nc3 O-O 11. Bg5 Re8 12. Rad1 Qa5 13. Qf4 Be6 14. Re5 Qc7 15. Rde1 Nd7 16. Qh4 Nf8 17. Bxe7 Qxe7 18. Qxe7 Rxe7 19. f4 Ree8 20. f5 Bd7 21. Bc4 Rxe5 22. Rxe5 Re8 23. Rxe8 Bxe8 24. Ne4 Nd7 25. Nd6 Ne5 26. Bb3 Bd7 27. Nxb7 Bxf5 28. Kf2 g5 29. Nd6 Bg6 30. h3 Kg7 31. a4 c5 32. a5 Nc6 33. Nb7 Nd4 34. Nxc5 Bxc2 35. Bxc2 Nxc2 36. Ke2 f5 37. Kd2 Nb4 38. Kc3 Nc6 39. b4 Kf6 40. b5 Ne7 41. Kd4 g4 42. hxg4 fxg4 43. Ne4+ Kf5 44. Kc5 Kxe4 45. b6 axb6+ 46. axb6 1-0

[Event "Djakovo Open"]
[Site "Djakovo"]
[Date "1994.??.??"]
[Round "7"]
[White "Jukic, Branimir"]
[Black "Zelcic, Robert"]
[Result "1/2-1/2"]
[WhiteElo "2430"]
[BlackElo "2460"]
[PlyCount "91"]
[EventDate "1994.11.??"]
[Source "www.chesslib.no"]
[SourceDate "2004.05.04"]

1. e4 e5 2. Nf3 d5 3. Nxe5 dxe4 4. d4 Bd6 5. Nc4 Nc6 6. Nxd6+ Qxd6 7. c3 Nf6 8. Na3 O-O 9. Nc4 Qe6 10. Ne3 Ne7 11. Bc4 Qd6 12. O-O c5 13. dxc5 Qxc5 14. a4 Ng6 15. b3 Qe5 16. Ba3 Re8 17. Bb5 Be6 18. Bxe8 Rxe8 19. c4 Qg5 20. Bb2 Ng4 21. Nxg4 Bxg4 22. Qd5 Bf5 23. Bc1 Qf6 24. Be3 Nh4 25. Bf4 h5 26. Bg3 Ng6 27. h4 Bg4 28. Rfe1 Kh7 29. Rac1 Nf4 30. Bxf4 Qxf4 31. Qg5 Qc7 32. Rc2 Re6 33. Qd5 Qe7 34. Rd2 f5 35. Qd8 Qc5 36. Qd5 Qe7 37. f3 Bxf3 38. gxf3 Qxh4 39. Qxf5+ Rg6+ 40. Kf1 exf3 41. Re8 Qg3 42. Qxh5+ Rh6 43. Qf5+ Rg6 44. Qh5+ Rh6 45. Qf5+ Rg6 46. Qh5+ 1/2-1/2

[Event "London Open"]
[Site "London ENG"]
[Date "1994.??.??"]
[Round "1"]
[White "Short, Nigel D"]
[Black "Tucker, Alex"]
[Result "1-0"]
[WhiteElo "2655"]
[BlackElo "2220"]
[PlyCount "37"]
[EventDate "1994.??.??"]
[Source "www.chesslib.no"]
[SourceDate "2004.05.04"]

1. e4 e5 2. Nf3 d5 3. exd5 Bd6 4. Nc3 f5 5. d4 e4 6. Ne5 Nf6 7. Bf4 O-O 8. Be2 Re8 9. Qd2 Bb4 10. a3 Bxc3 11. bxc3 Nxd5 12. O-O Nc6 13. Nxc6 bxc6 14. Be5 Nb6 15. Qf4 Re7 16. Qg3 Qd7 17. f3 exf3 18. Rxf3 Bb7 19. Raf1 1-0

[Event "Petrosian Mem Open"]
[Site "Yerevan"]
[Date "2004.11.22"]
[Round "4"]
[White "Rukhaia, Kartlos"]
[Black "Skatchkov, Pavel"]
[Result "1/2-1/2"]
[WhiteElo "2342"]
[BlackElo "2516"]
[PlyCount "239"]
[EventDate "2004.11.18"]
[Source "Roberto Alvarez"]
[SourceDate "2004.11.29"]

1. e4 e5 2. Nf3 d5 3. exd5 e4 4. Qe2 Nf6 5. d3 Qxd5 6. Nfd2 Nc6 7. Nc3 Qa5 8. Nb3 Qb4 9. Bd2 Be6 10. Nxe4 Qa4 11. Nc3 Qa6 12. d4 Qxe2+ 13. Nxe2 Ne4 14. c3 O-O-O 15. Be3 f5 16. O-O-O Bf7 17. Ng3 Nd6 18. Bd3 g6 19. Rhe1 Be7 20. Bf4 Bf6 21. Kb1 Rhe8 22. Nd2 h5 23. Ngf1 Bd5 24. f3 Bf7 25. Ne3 a6 26. Nec4 Nxc4 27. Bxc4 Bxc4 28. Nxc4 b5 29. Nd2 g5 30. Be3 Ne7 31. Nb3 Nd5 32. Bc1 g4 33. Nc5 Rg8 34. f4 a5 35. Re6 Be7 36. Rde1 Bd6 37. Nd3 a4 38. Kc2 h4 39. Bd2 h3 40. g3 Rgf8 41. b3 axb3+ 42. axb3 Nf6 43. Nf2 Kd7 44. c4 bxc4 45. bxc4 Ra8 46. c5 Ra2+ 47. Kd3 Ra3+ 48. Kc2 Ra2+ 49. Kd3 Ra3+ 50. Kc2 Rf3 51. cxd6 Rxf2 52. Re7+ Kxd6 53. R1e6+ Kd5 54. Kd3 Rf3+ 55. Be3 Ne4 56. Ra6 c6 57. Ra5+ Kd6 58. Rae5 Rf6 59. Ra7 Re6 60. Rf7 c5 61. dxc5+ Nxc5+ 62. Ke2 Rxe5 63. fxe5+ Ke6 64. Rh7 Ne4 65. Rc7 Kxe5 66. Bf4+ Ke6 67. Rc6+ Kd5 68. Ra6 Rf2+ 69. Ke3 Rxh2 70. Ra5+ Nc5 71. Ra1 Rc2 72. Rd1+ Ke6 73. Rd6+ Ke7 74. Rh6 Ne6 75. Be5 Rc4 76. Rh7+ Ke8 77. Bf6 Re4+ 78. Kf2 f4 79. gxf4 Rxf4+ 80. Kg3 Rxf6 81. Kxg4 Nf4 82. Kg3 Kf8 83. Kh2 Kg8 84. Ra7 Rg6 85. Ra4 Rg2+ 86. Kh1 Rf2 87. Kg1 Rf3 88. Ra7 Rg3+ 89. Kh2 Rg2+ 90. Kh1 Rg7 91. Ra4 Rf7 92. Kh2 Kg7 93. Ra6 Rf6 94. Ra7+ Kg6 95. Ra8 Kg5 96. Rb8 Kg4 97. Rg8+ Rg6 98. Ra8 Rb6 99. Rg8+ Kh4 100. Ra8 Rb2+ 101. Kh1 Rf2 102. Kg1 Rg2+ 103. Kh1 Nh5 104. Ra4+ Rg4 105. Ra8 Ng3+ 106. Kh2 Nf1+ 107. Kh1 Ng3+ 108. Kh2 Re4 109. Rh8+ Nh5 110. Rg8 Rg4 111. Rh8 Rg2+ 112. Kh1 Rb2 113. Kg1 h2+ 114. Kh1 Kg3 115. Rb8 Rf2 116. Rb3+ Kg4 117. Ra3 Nf4 118. Rg3+ Kf5 119. Rg5+ Ke4 120. Re5  1/2-1/2

[Event "TCh-CHN Men, Suzhou, Jiangsu CHN"]
[Site "?"]
[Date "2001.??.??"]
[Round "7"]
[White "Chen Fan"]
[Black "Lin Weiguo"]
[Result "0-1"]
[WhiteElo "2385"]
[BlackElo "2465"]
[PlyCount "38"]
[EventDate "2001.??.??"]
[Source "www.chesslib.no"]
[SourceDate "2004.05.04"]

1. e4 e5 2. Nf3 d5 3. exd5 e4 4. Ne5 Qxd5 5. d4 exd3 6. Nxd3 Nc6 7. Nc3 Qe6+ 8. Be2 Bd7 9. Nb5 O-O-O 10. Bf4 Nb4 11. Nxa7+ Kb8 12. Nxb4 Bxb4+ 13. c3 Be7 14. Be3 c5 15. Qb3 Kxa7 16. Qa3+ Kb8 17. O-O-O Qe5 18. Rxd7 Rxd7 19. Qa4 Qc7 0-1

[Event "DEN-chB"]
[Site "Denmark"]
[Date "1988.??.??"]
[Round "7"]
[White "Hansen, Lars DEN"]
[Black "Rasmussen, Karsten"]
[Result "1-0"]
[WhiteElo "2365"]
[BlackElo "2480"]
[PlyCount "29"]
[EventDate "1988.??.??"]
[Source "www.chesslib.no"]
[SourceDate "2004.05.04"]

1. e4 e5 2. Nf3 d5 3. exd5 e4 4. Qe2 Nf6 5. d3 Bb4+ 6. c3 O-O 7. dxe4 Bc5 8. Bg5 h6 9. Bxf6 Qxf6 10. Qc4 Bxf2+ 11. Kxf2 Qb6+ 12. Nd4 Qxb2+ 13. Be2 f5 14. Qb3 fxe4+ 15. Ke3 1-0

[Event "Tan Lian Ann Cup"]
[Site "Tianjin"]
[Date "2001.07.25"]
[Round "11"]
[White "Yu Shaoteng"]
[Black "Li Haoyu"]
[Result "1-0"]
[WhiteElo "2517"]
[BlackElo "2314"]
[PlyCount "103"]
[EventDate "2001.07.15"]
[Source "ChessBase"]
[SourceDate "2001.09.11"]

1. e4 e5 2. Nf3 d5 3. exd5 Bd6 4. Nc3 Nf6 5. d3 h6 6. g3 O-O 7. Bg2 Nbd7 8. O-O Nb6 9. Re1 Re8 10. Ne4 Nbxd5 11. Nxd6 Qxd6 12. b3 Bg4 13. Bb2 Bh5 14. Qd2 Nd7 15. d4 e4 16. Ne5 N5f6 17. Qe3 Rad8 18. h3 c5 19. dxc5 Qxc5 20. Qxc5 Nxc5 21. g4 Bg6 22. Nxg6 fxg6 23. Bxf6 gxf6 24. b4 Ne6 25. Rxe4 Nd4 26. Rxe8+ Rxe8 27. Bxb7 Nxc2 28. Rb1 Rb8 29. Be4 Nxb4 30. a3 Nc6 31. Rxb8+ Nxb8 32. Bxg6 Kf8 33. f4 Ke7 34. Kf2 Kd6 35. Ke3 Nd7 36. Kd4 Nb6 37. Be4 Nd7 38. h4 Nb6 39. Bf3 Nd7 40. Be4 Nb6 41. h5 Nd7 42. Bf5 Nb8 43. g5 fxg5 44. fxg5 Nc6+ 45. Ke4 hxg5 46. h6 Ne5 47. h7 Nf7 48. Bg6 Nh8 49. Kf5 Ke7 50. Kxg5 a5 51. Kh6 Kf6 52. Bh5 1-0

[Event "Dortmund-B"]
[Site "Dortmund"]
[Date "1989.??.??"]
[Round "?"]
[White "Renet, Olivier"]
[Black "Buecker, Stefan"]
[Result "1-0"]
[WhiteElo "2480"]
[BlackElo "2335"]
[PlyCount "69"]
[EventDate "1989.03.??"]
[Source "ChessBase"]

1. e4 e5 2. Nf3 d5 3. d4 dxe4 4. Nxe5 Nd7 5. Nc4 f5 6. Be2 Ngf6 7. O-O Bd6 8. Bh5+ g6 9. Nxd6+ cxd6 10. Be2 Nb6 11. a4 Be6 12. a5 Nbd7 13. c4 h5 14. Nc3 a6 15. Bf4 Qe7 16. Qb3 O-O 17. Qb4 Ne8 18. Qxb7 Rb8 19. Qxa6 Rxb2 20. Qc6 g5 21. Bc1 Rc2 22. a6 Rxc3 23. a7 Nef6 24. a8=Q Rxa8 25. Rxa8+ Kh7 26. Bxg5 Qg7 27. Bxf6 Nxf6 28. Qxd6 f4 29. Qxe6 f3 30. Bxf3 exf3 31. Qf5+ Kh6 32. g3 Qe7 33. Ra6 Kg7 34. Re6 Qd8 35. d5 1-0

[Event "Dubai op"]
[Site "Dubai"]
[Date "1999.05.01"]
[Round "1"]
[White "Al Modiahki, Mohamad"]
[Black "Pavlenko, Oleg"]
[Result "1/2-1/2"]
[WhiteElo "2530"]
[BlackElo "2277"]
[PlyCount "49"]
[EventDate "1999.05.??"]
[Source "ChessBase"]
[SourceDate "1999.07.10"]

1. e4 e5 2. Nf3 d5 3. Qe2 dxe4 4. Qxe4 Bd6 5. Nxe5 Qe7 6. d4 f6 7. f4 Nd7 8. Bd3 fxe5 9. fxe5 Nxe5 10. dxe5 Bxe5 11. O-O Nf6 12. Qh4 Be6 13. Nd2 O-O-O 14. Nf3 Bd6 15. Re1 Qd7 16. Ne5 Bxe5 17. Rxe5 Ng4 18. Re1 Bf5 19. Re7 Qd4+ 20. Be3 Nxe3 21. Qxd4 Rxd4 22. Rxe3 Bxd3 23. cxd3 Rhd8 24. Rd1 c5 25. Kf2 1/2-1/2

[Event "Zadar op"]
[Site "?"]
[Date "1994.??.??"]
[Round "?"]
[White "Ljubicic Filip"]
[Black "Zelcic Robert"]
[Result "1-0"]
[WhiteElo "2335"]
[BlackElo "2460"]
[PlyCount "85"]
[EventDate "1994.??.??"]
[Source "www.chesslib.no"]
[SourceDate "2004.05.04"]

1. e4 e5 2. Nf3 d5 3. Nxe5 dxe4 4. d4 Bd6 5. Bf4 Nf6 6. Bc4 O-O 7. O-O a6 8. a4 Qe7 9. Nc3 Bf5 10. f3 Nbd7 11. Nxd7 Qxd7 12. Bxd6 cxd6 13. fxe4 Nxe4 14. Nd5 Rae8 15. Nb6 Qc7 16. a5 Be6 17. Bd3 d5 18. c4 Qd8 19. Bxe4 dxe4 20. d5 Bd7 21. Qd4 f5 22. Rae1 Rf6 23. Rf2 Qe7 24. Rfe2 Rd8 25. c5 Bb5 26. d6 Qe6 27. Nd5 Rf7 28. Re3 h6 29. Nf4 Qd7 30. h4 Rf6 31. Rg3 Kh7 32. Ree3 Qf7 33. h5 Be8 34. Rg6 Bc6 35. Reg3 Rg8 36. Rxf6 gxf6 37. Rg6 Rf8 38. Qe3 Rg8 39. Qd4 Rf8 40. b4 Qb3 41. Rxf6 Rg8 42. Rg6 Qc2 43. Qe5 1-0

[Event "RUS-sf"]
[Site "Briansk"]
[Date "1995.??.??"]
[Round "5"]
[White "Mololkin, Andrey"]
[Black "Dukhov, Alexander"]
[Result "1/2-1/2"]
[WhiteElo "2430"]
[BlackElo "2340"]
[PlyCount "49"]
[EventDate "1995.??.??"]
[Source "www.chesslib.no"]
[SourceDate "2004.05.04"]

1. e4 e5 2. Nf3 d5 3. exd5 Bd6 4. d4 e4 5. Ne5 Nf6 6. Bb5+ Nbd7 7. Bg5 O-O 8. Bxd7 Bxd7 9. Nc3 Qe7 10. Bxf6 gxf6 11. Nxd7 Qxd7 12. Qe2 f5 13. O-O-O Kh8 14. g4 fxg4 15. Qxe4 Rae8 16. Qd3 f5 17. h3 Re7 18. Kb1 a6 19. a3 b5 20. Rde1 Rg7 21. Ne2 Qf7 22. hxg4 fxg4 23. Ng3 Qxd5 24. Rh5 Qf3 25. Qxf3 1/2-1/2

[Event "Bad Ragaz Open"]
[Site "Bad Ragaz SUI"]
[Date "1995.??.??"]
[Round "?"]
[White "Joachim, Sven"]
[Black "Donev, Ivo H"]
[Result "1-0"]
[WhiteElo "2380"]
[BlackElo "2385"]
[PlyCount "91"]
[EventDate "1995.04.??"]
[Source "www.chesslib.no"]
[SourceDate "2004.05.04"]

1. e4 e5 2. Nf3 d5 3. exd5 Bd6 4. d4 e4 5. Ne5 Ne7 6. Bb5+ c6 7. dxc6 bxc6 8. Be2 O-O 9. Nd2 Bf5 10. O-O c5 11. Ndc4 f6 12. Nxd6 Qxd6 13. Nc4 Qc7 14. dxc5 Rd8 15. Bf4 Qc8 16. Bd6 Nbc6 17. c3 Be6 18. Qc2 f5 19. b4 Ng6 20. Rfd1 Qb7 21. b5 Qxb5 22. Nb6 Qa5 23. Nxa8 Rxa8 24. Qb2 Rc8 25. Bb5 Nge5 26. a4 Bf7 27. Rab1 h6 28. Qd2 a6 29. Be2 Nd3 30. Bxd3 exd3 31. Qxd3 Qxa4 32. Qxf5 Re8 33. Re1 Rxe1+ 34. Rxe1 a5 35. h3 Qb5 36. Rb1 Qa6 37. Qd7 Qa8 38. Rb7 Qe8 39. Qxe8+ Bxe8 40. Bf4 Kh7 41. Be3 Kg6 42. Bd4 a4 43. Rxg7+ Kf5 44. Rg8 Bf7 45. Rf8 Ke6 46. Ra8 1-0

[Event "Corr"]
[Site "?"]
[Date "2002.06.15"]
[Round "?"]
[White "Kurylo Dr.Risard (LTU)"]
[Black "Costa Antonio Pedro Ramos"]
[Result "1-0"]
[WhiteElo "2423"]
[BlackElo "2325"]
[PlyCount "43"]
[EventDate "2002.??.??"]
[Source "www.chesslib.no"]
[SourceDate "2004.05.04"]

1. e4 e5 2. Nf3 d5 3. exd5 Bd6 4. d4 e4 5. Ne5 Nf6 6. Bb5+ Bd7 7. Nxd7 Nbxd7 8. c4 a6 9. Ba4 b5 10. cxb5 Nxd5 11. bxa6 Rxa6 12. Bb3 Bb4+ 13. Bd2 Bxd2+ 14. Qxd2 N7f6 15. O-O O-O 16. Nc3 Nxc3 17. bxc3 c5 18. f3 cxd4 19. Qxd4 Rd6 20. Qc5 exf3 21. Rxf3 Re8 22. Raf1 1-0

[Event "Moscow op2"]
[Site "Moscow"]
[Date "1995.??.??"]
[Round "2"]
[White "Stripunsky, Alexander"]
[Black "Skatchkov, Pavel"]
[Result "1-0"]
[WhiteElo "2495"]
[BlackElo "2250"]
[PlyCount "47"]
[EventDate "1995.11.??"]
[Source "ChessBase"]

1. e4 e5 2. Nf3 d5 3. Nxe5 Bd6 4. d4 dxe4 5. Qe2 Nf6 6. Nc3 O-O 7. Bg5 Bf5 8. g4 Bxe5 9. dxe5 Bxg4 10. Qe3 Nc6 11. Bxf6 gxf6 12. Rg1 f5 13. h3 Nd4 14. Rxg4+ fxg4 15. O-O-O c5 16. Nxe4 Qh4 17. hxg4 f5 18. Nxc5 Nc6 19. Nd7 fxg4 20. Nxf8 Rxf8 21. Bc4+ Kh8 22. e6 Qxf2 23. Qc3+ Qf6 24. Rf1 1-0

[Event "Corr"]
[Site "?"]
[Date "2004.10.05"]
[Round "?"]
[White "Kunzmann Hector A. T"]
[Black "Pessoa Francisco"]
[Result "0-1"]
[WhiteElo "2351"]
[BlackElo "2389"]
[PlyCount "156"]
[EventDate "2004.??.??"]
[Source "www.chesslib.no"]
[SourceDate "2004.05.04"]

1. e4 e5 2. Nf3 d5 3. exd5 e4 4. Qe2 Qe7 5. Nd4 Nf6 6. Nc3 Nbd7 7. Nf5 Qe5 8. Ng3 Be7 9. Ngxe4 O-O 10. Nxf6+ Qxf6 11. d4 Re8 12. Bd2 Qxd4 13. O-O-O Nb6 14. Be3 Qh4 15. Rd4 Qf6 16. h4 c6 17. Rf4 Qd6 18. Qh5 Qg6 19. Qxg6 hxg6 20. dxc6 bxc6 21. Bd3 Be6 22. Re4 Bf5 23. Re5 f6 24. Bxf5 fxe5 25. Be6+ Kf8 26. Ne4 Bf6 27. Bg4 Red8 28. Nc5 Kf7 29. g3 Rab8 30. Re1 Rd6 31. Ne4 Rd5 32. b3 Be7 33. c4 Ra5 34. Re2 Kf8 35. Ng5 Nc8 36. Nf3 Bb4 37. Bg5 Bd6 38. Kb1 Ne7 39. Bd7 Rd8 40. Bh3 Ke8 41. Bd2 Ra6 42. Bc3 Ba3 43. Bxe5 Rd1+ 44. Kc2 Rc1+ 45. Kd2 Kf8 46. Ne1 c5 47. Nd3 Rg1 48. Kc3 Nf5 49. Bg4 Ra1 50. Bf3 Re6 51. b4 cxb4+ 52. Nxb4 Bxb4+ 53. Kxb4 Rb1+ 54. Ka5 Rc1 55. Bd5 Nd4 56. Bxe6 Nxe2 57. a4 Ke7 58. Bg8 Rf1 59. Ka6 Rxf2 60. Kxa7 Rf5 61. Bc7 Kd7 62. Kb7 Nc3 63. a5 Ne4 64. Bb6 g5 65. Bd5 Nd6+ 66. Ka6 gxh4 67. gxh4 Re5 68. Bf2 Re2 69. Bg1 Rc2 70. c5 Nc8 71. c6+ Kd6 72. Be4 Rc4 73. Bf3 Rc3 74. Bh2+ Ke7 75. Be4 Nd6 76. Bh1 Rh3 77. Bxd6+ Kxd6 78. Bg2 Rh2 0-1

[Event "Corr"]
[Site "?"]
[Date "2001.09.01"]
[Round "?"]
[White "Karasek Lubomir (SVK)"]
[Black "Lane Michael (WLS)"]
[Result "1-0"]
[WhiteElo "2352"]
[BlackElo "2378"]
[PlyCount "43"]
[EventDate "2001.??.??"]
[Source "www.chesslib.no"]
[SourceDate "2004.05.04"]

1. e4 e5 2. Nf3 d5 3. exd5 Bd6 4. d4 e4 5. Nfd2 Nf6 6. c4 O-O 7. Be2 Bf5 8. Nc3 Re8 9. O-O a6 10. Nb3 Qc8 11. Bg5 Ng4 12. h3 Nh2 13. Re1 Bxh3 14. Nd2 Qf5 15. Ncxe4 Bxg2 16. Kxg2 Rxe4 17. Nxe4 Qxe4+ 18. Bf3 Qg6 19. Re8+ Bf8 20. Kxh2 Qxg5 21. Qb3 b6 22. d6 1-0

[Event "Corr"]
[Site "?"]
[Date "2004.10.05"]
[Round "?"]
[White "Pessoa Francisco"]
[Black "Kunzmann Hector A. T"]
[Result "1-0"]
[WhiteElo "2338"]
[BlackElo "2389"]
[PlyCount "83"]
[EventDate "2004.??.??"]
[Source "www.chesslib.no"]
[SourceDate "2004.05.04"]

1. e4 e5 2. Nf3 d5 3. exd5 Bd6 4. d4 e4 5. Ne5 Nf6 6. Bb5+ Bd7 7. Nxd7 Nbxd7 8. O-O a6 9. Bxd7+ Qxd7 10. c4 b5 11. Bg5 bxc4 12. Nc3 Nxd5 13. Nxd5 Qb5 14. Nc3 Qxg5 15. Nxe4 Qd5 16. Nc3 Qf5 17. Qa4+ Kf8 18. Qxc4 g6 19. Rfe1 Kg7 20. Rad1 Rab8 21. Re2 a5 22. Qc6 Rhd8 23. g3 Rb6 24. Qe4 Qxe4 25. Nxe4 h6 26. Kg2 Be7 27. b3 Bb4 28. Rc1 Rxd4 29. Rxc7 Re6 30. Kf3 Rd1 31. g4 Re8 32. Rb7 Red8 33. Kg2 R8d7 34. Rxd7 Rxd7 35. h4 Be7 36. g5 Rd4 37. f3 f5 38. gxf6+ Bxf6 39. h5 gxh5 40. Rc2 Bd8 41. Nc5 h4 42. Ne6+ 1-0

[Event "Corr"]
[Site "?"]
[Date "2003.06.25"]
[Round "?"]
[White "Legemaat Gert (NED)"]
[Black "Marchisotti Dr.Mauro (ITA)"]
[Result "1/2-1/2"]
[WhiteElo "2401"]
[BlackElo "2323"]
[PlyCount "86"]
[EventDate "2003.??.??"]
[Source "www.chesslib.no"]
[SourceDate "2004.05.04"]

1. e4 e5 2. Nf3 d5 3. exd5 Qxd5 4. Nc3 Qe6 5. Be2 c5 6. O-O Nc6 7. Re1 f6 8. b3 Bd7 9. Ne4 O-O-O 10. c3 f5 11. Bc4 Qg6 12. Neg5 Nh6 13. d3 Be7 14. Bd5 Bf6 15. Bxc6 Bxc6 16. Nxe5 Bxe5 17. Rxe5 Ng4 18. Re6 Nf6 19. Qf1 Bd5 20. Re1 Rhe8 21. Bd2 h6 22. Nh3 Nh5 23. Rxe8 Rxe8 24. f3 Bc6 25. d4 Qd6 26. Qc4 cxd4 27. cxd4 Rd8 28. Bc3 Nf6 29. Re1 Nd5 30. Ba5 b6 31. Bd2 Kb8 32. Nf2 g5 33. Qd3 Bd7 34. Nd1 f4 35. Nf2 Bc8 36. Qe2 Nc7 37. Bc3 Nd5 38. Bb2 Ne3 39. Qb5 a6 40. Qe2 Qd5 41. Nd3 Bb7 42. Nb4 Qd7 43. Nc2 g4 1/2-1/2

[Event "RUS-ch sf"]
[Site "Ekaterinburg"]
[Date "1996.??.??"]
[Round "?"]
[White "Akhmadeev, Vadim"]
[Black "Skatchkov, Pavel"]
[Result "1-0"]
[WhiteElo "2425"]
[BlackElo "2295"]
[PlyCount "99"]
[EventDate "1996.??.??"]
[Source "www.chesslib.no"]
[SourceDate "2004.05.04"]

1. e4 e5 2. Nf3 d5 3. Nxe5 Bd6 4. d4 dxe4 5. Nc4 Nf6 6. Be2 Nc6 7. c3 O-O 8. O-O h6 9. f3 Bf5 10. fxe4 Bxe4 11. Nbd2 Bg6 12. Nxd6 Qxd6 13. Nc4 Qe6 14. Ne3 Rad8 15. Qb3 Nd5 16. Bg4 Qd6 17. Qxd5 Qxd5 18. Nxd5 Rxd5 19. Bf4 f5 20. Bf3 Rd7 21. Rad1 Re8 22. b3 Bf7 23. h4 Ree7 24. Rfe1 Kf8 25. Kf2 Ke8 26. g4 Bd5 27. gxf5 Bxf3 28. Kxf3 Kf7 29. Kg4 Rxe1 30. Rxe1 Ne7 31. Be5 Nd5 32. c4 Nb4 33. Re2 Nd3 34. Kf3 g6 35. Ke4 Nxe5 36. dxe5 gxf5+ 37. Kxf5 Rd4 38. e6+ Ke7 39. h5 Rh4 40. Kg6 a6 41. Kxh6 Rg4 42. Re5 Rg2 43. Rg5 Rxa2 44. Kg7 Rb2 45. Rg3 Kxe6 46. h6 Rh2 47. Rg5 b5 48. h7 c5 49. cxb5 axb5 50. Rxc5 1-0

[Event "Corr"]
[Site "?"]
[Date "2002.06.15"]
[Round "?"]
[White "Krueger Hilmar (GER)"]
[Black "Costa Antonio Pedro Ramos"]
[Result "1-0"]
[WhiteElo "2394"]
[BlackElo "2325"]
[PlyCount "57"]
[EventDate "2002.??.??"]
[Source "www.chesslib.no"]
[SourceDate "2004.05.04"]

1. e4 e5 2. Nf3 d5 3. exd5 Bd6 4. d4 e4 5. Ne5 Nf6 6. Bb5+ Bd7 7. Nxd7 Nbxd7 8. c4 a6 9. Bxd7+ Qxd7 10. Nc3 O-O 11. O-O b5 12. Bg5 b4 13. Ne2 Ng4 14. Bf4 Bxf4 15. Nxf4 e3 16. f3 Nf2 17. Qc2 Rfe8 18. Rfe1 Qd6 19. Nd3 Qg6 20. Nxb4 Nh3+ 21. Kf1 Qd6 22. gxh3 Qxb4 23. Re2 f5 24. Rc1 Qf8 25. Qd3 f4 26. Rg2 Rad8 27. Ke2 Rd6 28. Rcg1 Rh6 29. Rg5 1-0